Guess the Taylor Swift Song (No Hints) - Statistics

General Stats
  • This quiz has been taken 138 times
  • The average score is 108 of 184
Answer Stats
Answer % Correct
I
100%
a
98%
A
98%
you
96%
We
93%
we
93%
the
92%
your
92%
and
91%
And
91%
it
91%
in
90%
In
90%
me
90%
is
89%
be
88%
to
88%
love
84%
when
83%
you're
83%
its
82%
of
81%
What
79%
they
78%
all
77%
too
76%
like
74%
had
72%
for
70%
there
70%
by
67%
just
65%
us
62%
off
61%
'Cause
60%
can't
59%
time
59%
how
58%
up
57%
could
53%
got
53%
back
50%
beautiful
49%
get
47%
sad
47%
tragic
47%
will
46%
affair
45%
you've
45%
look
42%
Kiss
36%
magic
36%
life
35%
Good
34%
try
33%
right
31%
Distance
30%
listen
30%
Long
30%
long
30%
fix
28%
they'll
28%
timing
28%
give
27%
mean
27%
breakdown
26%
little
26%
tracks
26%
train
26%
dreams
25%
fighting
24%
pocket
24%
runs
24%
darling
23%
late
23%
Silence
23%
sweet
23%
words
23%
deep
22%
demons
22%
face
22%
girls
22%
taking
22%
erasing
21%
handwritten
21%
note
21%
Hang
20%
meet
20%
wait
20%
wake
20%
conversation
19%
stood
19%
both
17%
locket
17%
cities
16%
different
16%
hopeful
16%
warm
16%
beds
15%
lonely
14%
No matching quizzes found
Score Distribution
Percent of People with Each Score
Percentile by Number Answered
Your Score History
You have not taken this quiz